000 00544nam a2200193Ia 4500
003 OSt
005 20220928144545.0
006 a|||||r|||| 00| 0
007 ta
008 220927b |||||||| |||| 00| 0 eng d
024 _a71820
037 _cTextual
040 _aSDCL
_cSDCL
_beng
041 _2eng
_aeng
082 _aX65:8n1,N94, N6
245 0 _aADVANCES IN working capital management. 1V per year. V1 - ; 1994 - ; This library has V3- ; 1996 - ;
942 _hX65:8n1,N94, N6
_cTEXL
_2CC
999 _c827944
_d827944